Guía de campo: insectos, ácaros y enfermedades asociadas al tomate en Chile
Guardat en:
| Autors principals: | , |
|---|---|
| Format: | Llibre |
| Idioma: | espanyol |
| Publicat: |
Santiago
INIA
2002
|
| Col·lecció: | Colección Libros Inia, 7
|
| Matèries: | |
| Etiquetes: |
Afegir etiqueta
Sense etiquetes, Sigues el primer a etiquetar aquest registre!
|
MARC
| LEADER | 00000nam a2200000 a 4500 | ||
|---|---|---|---|
| 001 | UCI2890 | ||
| 003 | CL-VaPUC | ||
| 008 | 070928e20020000CL |||||||||||||||||spa|d | ||
| 020 | |a 9567016135 | ||
| 082 | 0 | 4 | |a 635.642 |b EST |2 21 |
| 100 | 0 | |a Estay P., Patricia |e author |9 524109 | |
| 700 | 0 | |a Bruna V., Alicia |e author |9 524110 | |
| 245 | 1 | 0 | |a Guía de campo: insectos, ácaros y enfermedades asociadas al tomate en Chile |
| 300 | |a 57 p | ||
| 942 | |c BK | ||
| 945 | |d 20070928 00:00:00 |a jtorresc | ||
| 260 | |a Santiago |b INIA |c 2002 | ||
| 650 | 7 | |a TOMATE |2 CL-VaPUC |9 264158 | |
| 650 | 7 | |a FERTILIZANTE |2 CL-VaPUC |9 418315 | |
| 650 | 0 | |a Invernaderos |9 264317 | |
| 650 | 0 | |a Fertilización |9 259681 | |
| 650 | 0 | |a Control de plagas |9 327373 | |
| 650 | 7 | |a PLANTACION |2 CL-VaPUC |9 369124 | |
| 651 | 7 | |a CHILE |2 CL-VaPUC |9 524111 | |
| 583 | |a last modification |c 20070928 00:00:00 |k Rodrigo Vera | ||
| 490 | 0 | |a Colección Libros Inia, 7 | |
| 999 | |c 327304 |d 327302 | ||
| 952 | |0 0 |1 0 |4 0 |6 635_642000000000000_EST_2002 |7 0 |8 A |9 409972 |a BIBAGR |b BIBAGR |d 2019-11-22 |i 4374894 |l 1 |o 635.642 EST 2002 |p 4374894 |r 2025-01-20 |s 2022-05-17 |w 2019-11-22 |y BK |k AGR | ||
| 952 | |0 0 |1 0 |4 0 |6 635_642000000000000_EST_2002 |7 0 |8 A |9 409973 |a BIBAGR |b BIBAGR |d 2019-11-22 |i 4786572 |o 635.642 EST 2002 |p 4786572 |r 2025-01-20 |w 2019-11-22 |y BK |k AGR | ||
| 952 | |0 0 |1 0 |4 0 |6 635_642000000000000_EST_2002 |7 0 |8 A |9 409974 |a BIBAGR |b BIBAGR |d 2019-11-22 |i 4786580 |l 1 |o 635.642 EST 2002 |p 4786580 |r 2025-03-19 |s 2025-03-19 |w 2019-11-22 |y BK |k AGR | ||